00369pab a2200121 454500008004000000100002300040245007400063260000900137300001300146650003000159650002000189773003800209180718b2012 xxu||||| |||| 00| 0 eng d aOmoregie, Edoba B. aNational health law in Nigeria: Federalism and subsidiarity questions c2012 ap.33-48. aHealth services - Nigeria aHealth services aIndian Journal of Federal Studies